000 00705nam a2200289Ia 4500
005 20260324150032.0
008 008 260324s9999 xx 000 0 eng d
020 _a9781003539704
037 _aEBOOK
040 _aCRL
040 _beng
040 _cCRL
041 _2eng
041 _aeng
084 _qCRL
100 _aAnthony Wootton
_91225043
245 0 _aDilemmas of Discourse
245 0 _bControversies about the Sociological Interpretation of Language
260 _bTaylor and Francis
260 _c1975
365 _a
365 _b145
856 _uhttp://www.taylorfrancis.com/books/9781003539704
942 _cEBOOK
999 _c1833820
_d1833820